Análisis de la metodología empleada para obtener el adhesivo utilizando en los elctrodos de un catéter pulmonar, su desempeño y una posible mejora
সংরক্ষণ করুন:
| প্রধান লেখক: | |
|---|---|
| বিন্যাস: | গ্রন্থ |
| ভাষা: | Spanish |
| প্রকাশিত: |
San José, Costa Rica
2018
|
| বিষয়গুলি: | |
| ট্যাগগুলো: |
ট্যাগ যুক্ত করুন
কোনো ট্যাগ নেই, প্রথমজন হিসাবে ট্যাগ করুন!
|
MARC
| LEADER | 00000nam a22000007a 4500 | ||
|---|---|---|---|
| 003 | 012935 | ||
| 005 | 20221231144400.0 | ||
| 008 | 181030b2018 cr a|||| ||m| 00| ||spa d | ||
| 040 | |c cru CEDI | ||
| 090 | |a TFG 8086 | ||
| 100 | |9 14428 |a Sánchez Delgado, Sofia | ||
| 245 | |a Análisis de la metodología empleada para obtener el adhesivo utilizando en los elctrodos de un catéter pulmonar, su desempeño y una posible mejora | ||
| 260 | |a San José, Costa Rica |c 2018 | ||
| 300 | |a xii, 70 hojas :ilustraciones a color | ||
| 500 | |a Proyecto de graduación(licenciatura en ingeniería química)--Universidad de Costa Rica. Facultad de Ingeniería. Escuela de Ingeniería Química | ||
| 650 | |x CATETERES |x CATETERES - FABRICACION - CONTROL DE CALIDAD |x RESISTENCIA DE MATERIALES |x ADHESIVOS |x PLASTICOS - PRUEBAS |x ANALISIS PLASTICO (TEORIA DE LAS ESTRUCTURAS) |9 14429 | ||
| 942 | |c TFG | ||
| 999 | |c 21050 |d 21050 | ||
